| 000 | 00595nam a22001937a 4500 | ||
|---|---|---|---|
| 999 |
_c20726 _d20726 |
||
| 003 | AR-CdUCM | ||
| 008 | 190604b ||||| |||| 00| 0 spa d | ||
| 040 |
_aMUNICIPALIDAD PROVINCIAL DEL CUSCO _cBIBLIOTECA MUNICIPAL DEL CUSCO |
||
| 082 |
_a869.964 / _bB39 |
||
| 100 |
_aBernal, Emilia _926583 |
||
| 245 | _aLos nuevos motivos / | ||
| 260 |
_aMadrid : _bCalpe, _c1925. |
||
| 300 |
_a100 páginas ; _c20 cm. |
||
| 505 | _aContenido: Las buenas canciones -- Sonetos -- Traducciones portuguesas. | ||
| 650 |
_aPoesía _9139 |
||
| 650 |
_aSiglo XX _98 |
||
| 942 |
_2ddc _cLIBROS |
||
| 945 | _aJavier | ||